| 000 | 00526nam a22001577a 4500 | ||
|---|---|---|---|
| 003 | OSt | ||
| 005 | 20150908115324.0 | ||
| 008 | 150908b xxu||||| |||| 00| 0 eng d | ||
| 040 | _cRUA | ||
| 082 | _aAGR ហាក់ 1992 B005 Or.1 | ||
| 100 |
_9144 _aហាក់ សុជាតិ |
||
| 245 | _aសត្វកណ្ដុរ និងការបំផ្លិចបំផ្លាញរបស់វាលើកសិផលនានា | ||
| 260 |
_aPhnom Penh _bRUA _c1992 |
||
| 300 |
_a74p. _bill. _c29cm. |
||
| 942 |
_2ddc _cAGR |
||
| 999 |
_c126 _d126 |
||